| 000 | 00511nam a2200217Ia 4500 | ||
|---|---|---|---|
| 003 | OSt | ||
| 005 | 20221005131452.0 | ||
| 006 | a|||||r|||| 00| 0 | ||
| 007 | ta | ||
| 008 | 221004b |||||||| |||| 00| 0 eng d | ||
| 024 | _a118593 | ||
| 037 | _cTextual | ||
| 040 |
_aCRL _cCRL _beng |
||
| 041 |
_2eng _aeng |
||
| 100 |
_aGlasstone S _9635991 |
||
| 245 | 0 | _aSource book on Atomic energy ed.3rd | |
| 260 | _c1969 | ||
| 650 | _aPHYSICS | ||
| 942 |
_cTEXL _2cc |
||
| 999 |
_c1060429 _d1060429 |
||